| 000 | 01297pam a2200361 a 4500 | ||
|---|---|---|---|
| 001 | 3339 | ||
| 003 | FISKH | ||
| 005 | 20240228153432.0 | ||
| 008 | 980203s1998 nyua c b 001 0beng | ||
| 010 | _a 98009807 | ||
| 020 | _a067087888X | ||
| 040 |
_aDLC _cDLC _dDLC _beng |
||
| 042 | _alcac | ||
| 043 | _an-us--- | ||
| 050 | 0 | 0 |
_aTR140.L3 _bP37 1998 |
| 082 | 0 | 0 |
_a770/.92 _aB _221 |
| 100 | 1 | _aPartridge, Elizabeth. | |
| 245 | 1 | 0 |
_aRestless spirit : _bthe life and work of Dorothea Lange / _cby Elizabeth Partridge. |
| 250 | _aFirst Scholastic printing, February 2002 | ||
| 260 |
_aNew York : _bScholastic, _c1998 |
||
| 300 |
_a122 pages : _billustrations ; _c27 cm |
||
| 504 | _aIncludes bibliographical references (p. 118-119) and index. | ||
| 520 | _aA biography of Dorothea Lange, whose photographs of migrant workers, Japanese American internees, and rural poverty helped bring about important social reforms. | ||
| 600 | 1 | 0 |
_aLange, Dorothea _xJuvenile literature. |
| 600 | 1 | 1 | _aLange, Dorothea. |
| 650 | 0 |
_aWomen photographers _zUnited States _xBiography _xJuvenile literature. |
|
| 650 | 1 | _aWomen photographers. | |
| 650 | 1 | _aPhotographers. | |
| 650 | 1 |
_aWomen _xBiography. |
|
| 906 |
_a7 _bcbc _corignew _d1 _eocip _f19 _gy-gencatlg |
||
| 942 |
_2ddc _cBK _n0 |
||
| 999 |
_c3339 _d3339 |
||